00622 2200241 4500001002100000005001500021035002000036007000300056008004100059020001500100082001000115084001600125100001800141245009000159250001100249260004100260300002600301700001800327990000800345990000900353990000900362990000900371INLIS00000000001356720220719100131 a0010-0722001051ta220719 g 0 ind  a9793357576 a799.1 a799.1 KHA p0 aKHAIRUMAN, sp1 aPetunjuk praktis memancing ikan air tawar /cKhairuman, SP dan Ir. Khairul Amri, M.Si acet. 1 aJakarta :bAgro Media Pustaka,c2003 avi, 97 hlm ;c23,5 cm0 aKHAIRUL, amri a449 a449a a449b a449c